| 000 | 00000nam 2200000za 4500 |
| 001 | 9.840934 |
| 003 | CaOODSP |
| 005 | 20250403105949 |
| 007 | cr ||||||||||| |
| 008 | 170802s1991 onc |o f|0| 0 fre d |
| 040 | |aCaOODSP|bfre |
| 043 | |an-cn--- |
| 086 | 1 |aCS12-0043/4F-PDF |
| 100 | 1 |aStrike, Carol. |
| 245 | 10|aAperçu de l'Enquête sociale générale de 1991 sur la santé (ESG-6) |h[ressource électronique] / |cCarol Strike. |
| 260 | |a[Ottawa] : |bStatistique Canada, |c1991. |
| 300 | |a[74] p. |
| 490 | 1 |aDocument de travail ; |vno. 4 |
| 500 | |aPubli. aussi en anglais sous le titre : Overview of 1991 General Social Survey on Health (GSS-6). |
| 500 | |a« Le 8 juillet 1991. » |
| 500 | |aÉdition numérisée de l'imprimé [par Statistique Canada]. |
| 504 | |aComprend des références bibliographiques. |
| 520 | |a« Le présent rapport comporte l'historique de l'élaboration de l'enquête sociale générale de 1991, cycle 6, à partir de la conception du questionnaire à la collecte des données. Plus précisément, les modifications et les suppressions au questionnaire de l'ESG de 1985 (cycle 1) ainsi que les raisons de ces modifications sont présentées. On y trouve en outre un résumé de la comparabilité des questions avec d'autres enquêtes »--Préface. |
| 692 | 07|2gccst|aSanté |
| 692 | 07|2gccst|aSondage |
| 692 | 07|2gccst|aMéthodologie |
| 710 | 2 |aStatistique Canada. |
| 775 | 08|tOverview of 1991 General Social Survey on Health (GSS-6) |w(CaOODSP)9.840930 |
| 830 | #0|aDocument de travail (Enquête sociale générale (Canada))|vno. 4|w(CaOODSP)9.835229 |
| 856 | 40|qPDF|s9.63 Mo|uhttps://publications.gc.ca/collections/collection_2017/statcan/12-0043/CS12-0043-4-fra.pdf |
| 986 | |a12F0043F no. 4 |